000 00455nam a2200181Ia 4500
001 21313
005 20260306172910.0
008 260306t2017||||xx |||||||||||||| ||spa||
041 _aESP
082 _a344.526
_bA11
100 _aAbanto Vásquez, Manuel A.
_eAUT
245 0 _aEl delito de lavado de activo. Análisis crítico
260 _c2017
300 _a310 páginas :
_c25 cm.
650 _aGEN
654 _aCDE
942 _cLIB
_dJUS
_fJUS
_2ddc
_n
999 _c21313
_d21313